[Event "Plzen, FSB A"]
[Site "?"]
[Date "2000.??.??"]
[Round "2"]
[White "Postupa, P."]
[Black "Houska, B."]
[Result "0-1"]
[WhiteElo "2165"]
[BlackElo "1960"]
[PlyCount "44"]
[EventDate "2000.??.??"]
[Source "ChessBase"]
[SourceDate "1996.11.15"]

1. e4 d6 2. d4 Nf6 3. Nc3 g6 4. f4 Bg7 5. e5 Nfd7 6. Bc4 c5 7. Nf3 cxd4 8. Qxd4
O-O 9. Ng5 dxe5 10. Bxf7+ Rxf7 11. Qc4 e6 12. Qxe6 Qe7 13. Qxf7+ Qxf7 14. Nxf7
Kxf7 15. O-O Kg8 16. Nd5 Nc6 17. c3 b6 18. Rd1 Nc5 19. Nc7 Bg4 20. Rd6 Rd8 21.
Rxd8+ Nxd8 22. a4 Nb3 0-1

[Event "Plzen, FSB A"]
[Site "?"]
[Date "2000.??.??"]
[Round "2"]
[White "Steppuhn, T."]
[Black "Strnad, J."]
[Result "1/2-1/2"]
[WhiteElo "2160"]
[BlackElo "1920"]
[PlyCount "118"]
[EventDate "2000.??.??"]
[Source "ChessBase"]
[SourceDate "1996.11.15"]

1. d4 Nf6 2. Nf3 g6 3. e3 Bg7 4. c4 d5 5. Nc3 O-O 6. b3 c5 7. Bb2 Qa5 8. Qd2
Rd8 9. Nb5 Qxd2+ 10. Nxd2 Na6 11. a3 Bd7 12. Be2 Bc6 13. Nf3 Ne4 14. Ne5 Bxe5
15. dxe5 dxc4 16. Bxc4 Rd2 17. Rb1 Rxf2 18. Nc3 Rxg2 19. e6 Rxb2 20. exf7+ Kf8
21. Rxb2 Nxc3 22. O-O Rd8 23. Rc2 Ne4 24. h4 Nf6 25. Bxa6 bxa6 26. Rxc5 Bb5 27.
Rfc1 Rd3 28. R5c3 Rxc3 29. Rxc3 Nd5 30. Rc8+ Kxf7 31. Rh8 Kg7 32. Ra8 Nxe3 33.
Rxa7 Kf6 34. Kf2 Nf5 35. a4 Bd3 36. b4 Nd6 37. Ke3 Bf1 38. Kd4 Nf5+ 39. Kc5 Nd6
40. Rc7 Nf5 41. b5 axb5 42. axb5 Bxb5 43. Kxb5 Nxh4 44. Kc4 h5 45. Kd3 g5 46.
Ke4 Ng6 47. Rc5 e6 48. Ra5 Ne7 49. Ra8 h4 50. Kf3 Ng6 51. Ra5 Ne5+ 52. Ke4 h3
53. Ra2 Ng6 54. Kf3 Kf5 55. Kg3 Nf4 56. Ra8 e5 57. Rf8+ Ke4 58. Rg8 Kf5 59.
Rf8+ Ke4 1/2-1/2

[Event "Plzen, FSB A"]
[Site "?"]
[Date "2000.??.??"]
[Round "2"]
[White "Chrz, P."]
[Black "Haller, M."]
[Result "1-0"]
[WhiteElo "2155"]
[BlackElo "1910"]
[PlyCount "81"]
[EventDate "2000.??.??"]
[Source "ChessBase"]
[SourceDate "1996.11.15"]

1. e4 c6 2. d4 d5 3. Nc3 dxe4 4. Nxe4 Nf6 5. Nxf6+ gxf6 6. Bc4 Bf5 7. Ne2 e6 8.
Ng3 Bg6 9. Bf4 Bd6 10. Bxd6 Qxd6 11. Qd2 Nd7 12. h4 h5 13. O-O-O Nb6 14. Be2
Qd5 15. b3 Qd6 16. c4 Qa3+ 17. Qb2 Qb4 18. Bd3 Bxd3 19. Rxd3 f5 20. d5 O-O-O
21. d6 Qc5 22. Rhd1 Nd7 23. Qc3 Qxf2 24. R1d2 Qe1+ 25. Kc2 f4 26. Qa5 Kb8 27.
Ne2 e5 28. b4 Rc8 29. b5 cxb5 30. Qxb5 Rxc4+ 31. Qxc4 Rc8 32. Qc7+ Rxc7+ 33.
dxc7+ Kxc7 34. Rxd7+ Kc6 35. Rxf7 Qxh4 36. Rfd7 Qg4 37. R2d6+ Kc5 38. Nc1 Qxg2+
39. Kc3 Qg3+ 40. Nd3+ Kb5 41. Rxb7+ 1-0

[Event "Plzen, FSB A"]
[Site "?"]
[Date "2000.??.??"]
[Round "2"]
[White "Ratolistka, J."]
[Black "Straka, Z."]
[Result "1/2-1/2"]
[WhiteElo "2150"]
[BlackElo "1890"]
[PlyCount "21"]
[EventDate "2000.??.??"]
[Source "ChessBase"]
[SourceDate "1996.11.15"]

1. Nf3 d5 2. d4 c6 3. Bf4 Nf6 4. c3 Bf5 5. e3 e6 6. Be2 h6 7. O-O Be7 8. Nbd2
O-O 9. Qb3 Qb6 10. c4 Nbd7 11. Rfc1 1/2-1/2

[Event "Plzen, FSB A"]
[Site "?"]
[Date "2000.??.??"]
[Round "2"]
[White "Kafka, L."]
[Black "Vreugdenhil, F."]
[Result "0-1"]
[WhiteElo "1925"]
[BlackElo "2145"]
[PlyCount "114"]
[EventDate "2000.??.??"]
[Source "ChessBase"]
[SourceDate "1996.11.15"]

1. e4 e5 2. Nf3 Nc6 3. Bb5 f5 4. Qe2 fxe4 5. Qxe4 Nf6 6. Qe2 Bd6 7. Bc4 Na5 8.
Na3 Bxa3 9. bxa3 Nxc4 10. Qxc4 d6 11. O-O Qe7 12. d4 e4 13. Bg5 Be6 14. Qa4+
Qd7 15. Qxd7+ Kxd7 16. Nd2 Bf5 17. Bxf6 gxf6 18. c4 Rhg8 19. Rfe1 Rae8 20. Re3
Bg6 21. Rb1 Kc8 22. Rbb3 f5 23. f4 exf3 24. Nxf3 Rxe3 25. Rxe3 Re8 26. Rxe8+
Bxe8 27. Kf2 Kd7 28. Ke3 Ke7 29. Kf4 Kf6 30. g3 Ba4 31. d5 c5 32. dxc6 Bxc6 33.
Nd4 Bd7 34. a4 a6 35. a5 Bc8 36. a3 Bd7 37. h4 Bc8 38. h5 Bd7 39. Nc2 Bc8 40.
Ne3 Be6 41. Nd5+ Kg7 42. Kg5 h6+ 43. Kf4 Kf7 44. Ke3 Kg7 45. Kd4 Bf7 46. c5
dxc5+ 47. Kxc5 Bxh5 48. Kd6 Bf3 49. Nf4 Kf6 50. Ne6 Kg6 51. Kc7 Kh5 52. Nc5 Kg4
53. Nxb7 Kxg3 54. Nc5 Be2 55. Kb6 h5 56. Nxa6 h4 57. Nc7 h3 0-1

[Event "Plzen, FSB A"]
[Site "?"]
[Date "2000.??.??"]
[Round "2"]
[White "Barton, O."]
[Black "Nosek, F."]
[Result "0-1"]
[WhiteElo "1940"]
[BlackElo "2125"]
[PlyCount "82"]
[EventDate "2000.??.??"]
[Source "ChessBase"]
[SourceDate "1996.11.15"]

1. e4 e6 2. d4 d5 3. Nc3 Bb4 4. Bd2 Bxc3 5. Bxc3 Nf6 6. e5 Ne4 7. Bd3 Nxc3 8.
bxc3 c5 9. Nh3 cxd4 10. Qg4 Kf8 11. cxd4 Nc6 12. c3 f6 13. Qh5 Qe8 14. Qe2 Na5
15. O-O f5 16. g4 fxg4 17. Qxg4 g6 18. Nf4 Rg8 19. Kh1 Bd7 20. Rg1 Qf7 21. Rg3
Rc8 22. Rf3 Ke8 23. Qg3 Rf8 24. Be2 Qe7 25. Rc1 Qa3 26. Rc2 Ba4 27. Nxe6 Rxf3
28. Qxf3 Qe7 29. Qxd5 Bc6 30. Bb5 Qxe6 31. Bxc6+ Qxc6 32. Qxc6+ Nxc6 33. f4 Rd8
34. Kg2 Ke7 35. Kf2 Ke6 36. Ke3 b5 37. a4 a6 38. Ke4 b4 39. cxb4 Rxd4+ 40. Ke3
Nxb4 41. Rc7 Nd5+ 0-1

[Event "Plzen, FSB A"]
[Site "?"]
[Date "2000.??.??"]
[Round "2"]
[White "Hejberg, C."]
[Black "Houska, J."]
[Result "1/2-1/2"]
[WhiteElo "2115"]
[BlackElo "1840"]
[PlyCount "106"]
[EventDate "2000.??.??"]
[Source "ChessBase"]
[SourceDate "1996.11.15"]

1. d4 Nf6 2. c4 g6 3. Nc3 Bg7 4. e4 d6 5. h3 O-O 6. Bg5 c5 7. d5 e6 8. Bd3 exd5
9. exd5 Re8+ 10. Nge2 Na6 11. O-O Nc7 12. f4 h6 13. Bh4 Qd7 14. Bc2 a6 15. a4
b6 16. Bxf6 Bxf6 17. f5 g5 18. Ne4 Qd8 19. N2g3 Bd4+ 20. Kh1 Rxe4 21. Nxe4 f6
22. Qh5 Qf8 23. h4 Be5 24. hxg5 hxg5 25. Qg6+ Qg7 26. Qxg7+ Kxg7 27. Ra3 a5 28.
Rh3 Ba6 29. Nd2 Rh8 30. Rxh8 Kxh8 31. b3 Kg7 32. Rf3 Bc8 33. Re3 Kf7 34. Rh3
Kg7 35. Re3 Kf7 36. Nf3 Bf4 37. Re2 Ne8 38. g4 Bd7 39. Nd2 Bxd2 40. Rxd2 Nc7
41. Kg2 Be8 42. Re2 Kf8 43. Re6 Nxe6 44. fxe6 Kg7 45. Kf3 Kg8 46. Bf5 Kg7 47.
Ke3 Kg8 48. Ke4 Kg7 49. e7 Kh6 50. Bc8 Bg6+ 51. Ke3 Be8 52. Be6 Kg7 53. Kf3 Kh6
1/2-1/2

[Event "Plzen, FSB A"]
[Site "?"]
[Date "2000.??.??"]
[Round "2"]
[White "Vymetal, M."]
[Black "Svub, J."]
[Result "0-1"]
[WhiteElo "1810"]
[BlackElo "2110"]
[PlyCount "80"]
[EventDate "2000.??.??"]
[Source "ChessBase"]
[SourceDate "1996.11.15"]

1. e4 c5 2. Nf3 d6 3. d4 cxd4 4. Nxd4 Nf6 5. Nc3 a6 6. f3 e5 7. Nb3 Be6 8. Be3
Be7 9. Qd2 Qc7 10. Be2 Nbd7 11. O-O Rc8 12. f4 O-O 13. f5 Bc4 14. Rac1 b5 15.
Bd3 b4 16. Nd1 d5 17. exd5 Nxd5 18. Bxc4 Qxc4 19. Rf3 N7f6 20. Nf2 Rfd8 21. Qe1
Qc7 22. Rg3 Kh8 23. Bg5 a5 24. Bxf6 Nxf6 25. Ne4 Qb6+ 26. Kh1 Rc4 27. Ng5 Kg8
28. Nd2 Rcc8 29. Nde4 Nxe4 30. Nxe4 f6 31. Qe2 Bf8 32. Qh5 Rc4 33. Qe2 Rcd4 34.
h4 Qc6 35. Rg4 h5 36. Nxf6+ Qxf6 37. Rg6 Rxh4+ 38. Kg1 Qxf5 39. Rc6 Qe4 40. Qa6
Qe3+ 0-1

[Event "Plzen, FSB A"]
[Site "?"]
[Date "2000.??.??"]
[Round "2"]
[White "Kulhanek, T."]
[Black "Zeleny, T."]
[Result "1/2-1/2"]
[WhiteElo "2350"]
[BlackElo "1785"]
[PlyCount "44"]
[EventDate "2000.??.??"]
[Source "ChessBase"]
[SourceDate "1996.11.15"]

1. f4 e5 2. fxe5 d6 3. Nf3 dxe5 4. e4 Nc6 5. Bc4 Bc5 6. c3 Nf6 7. b4 Bb6 8. d3
Ng4 9. Ng5 O-O 10. Rf1 Nf6 11. a4 a5 12. b5 Ne7 13. d4 h6 14. Nxf7 Rxf7 15. Qb3
Ned5 16. exd5 exd4 17. d6 Qe8+ 18. Kd2 Ne4+ 19. Kc2 Nxd6 20. Bxf7+ Nxf7 21. c4
Qe2+ 22. Nd2 Be6 1/2-1/2

[Event "Plzen, FSB A"]
[Site "?"]
[Date "2000.??.??"]
[Round "2"]
[White "Michalek, J."]
[Black "Grosse_Honebrink, B."]
[Result "1-0"]
[WhiteElo "2320"]
[BlackElo "2005"]
[PlyCount "57"]
[EventDate "2000.??.??"]
[Source "ChessBase"]
[SourceDate "1996.11.15"]

1. e4 e5 2. Nf3 Nc6 3. d4 exd4 4. c3 d6 5. cxd4 Nf6 6. Nc3 Be7 7. Bb5 Bd7 8.
O-O O-O 9. h3 a6 10. Ba4 b5 11. Bc2 b4 12. Ne2 Bc8 13. Ng3 Re8 14. Ba4 Bd7 15.
Re1 Na7 16. Bc2 Bc6 17. Bf4 Nb5 18. Qd3 Bb7 19. Rad1 g6 20. Qe2 Nd7 21. Bb3 Nf8
22. Qc4 Ne6 23. Be3 Rc8 24. d5 Nc5 25. Bxc5 dxc5 26. e5 Rf8 27. Ne4 Kg7 28.
Nxc5 Bxc5 29. Qxc5 1-0

[Event "Plzen, FSB A"]
[Site "?"]
[Date "2000.??.??"]
[Round "2"]
[White "Kamenik, M."]
[Black "Ionescu, A."]
[Result "1/2-1/2"]
[WhiteElo "2005"]
[BlackElo "2255"]
[PlyCount "110"]
[EventDate "2000.??.??"]
[Source "ChessBase"]
[SourceDate "1996.11.15"]

1. e4 c5 2. Nc3 Nc6 3. f4 g6 4. Nf3 Bg7 5. Bc4 e6 6. e5 d5 7. exd6 Qxd6 8. Ne4
Qxf4 9. d3 Qc7 10. O-O b6 11. Qe1 f6 12. Qh4 Nce7 13. Bd2 Bd7 14. a4 Nf5 15.
Qf2 Nge7 16. b4 Nd6 17. Nxd6+ Qxd6 18. bxc5 bxc5 19. Be3 Rc8 20. Ng5 fxg5 21.
Qf7+ Kd8 22. Qxg7 Kc7 23. Bxg5 Nf5 24. Qc3 Qd4+ 25. Qxd4 Nxd4 26. Bf4+ Kc6 27.
Be5 Rhf8 28. c3 Ne2+ 29. Kh1 a6 30. Bxa6 Ra8 31. Bc4 Rxa4 32. Bb5+ Kxb5 33.
Rab1+ Kc6 34. Rxf8 Kd5 35. Bg7 Kd6 36. Rfb8 Bc6 37. R8b2 Nf4 38. d4 Nd3 39.
dxc5+ Kxc5 40. Rd2 Be4 41. Rbd1 Kc4 42. Re2 Bd5 43. h3 Ra7 44. Bd4 Rf7 45. Kh2
Rf5 46. Red2 Be4 47. Re2 Bd5 48. Rdd2 e5 49. Rxd3 Kxd3 50. Rxe5 Rxe5 51. Bxe5
h5 52. h4 Kc4 53. Kg3 Be4 54. Kf2 Bb1 55. Ke3 Bc2 1/2-1/2

[Event "Plzen, FSB A"]
[Site "?"]
[Date "2000.??.??"]
[Round "2"]
[White "Kozak, M."]
[Black "Foglar, S."]
[Result "1/2-1/2"]
[WhiteElo "2245"]
[BlackElo "2005"]
[PlyCount "107"]
[EventDate "2000.??.??"]
[Source "ChessBase"]
[SourceDate "1996.11.15"]

1. d4 Nf6 2. c4 c5 3. d5 e5 4. Nc3 d6 5. e4 Be7 6. Bd3 O-O 7. h3 Ne8 8. Nf3 Nd7
9. g4 g6 10. Bh6 Ng7 11. Qd2 Nf6 12. O-O-O Kh8 13. Rdg1 Ng8 14. h4 f6 15. Be3
a6 16. Rg2 b5 17. cxb5 axb5 18. Bxb5 Bd7 19. Bxd7 Qxd7 20. Qe2 Rfb8 21. Nd2 Rb4
22. Nc4 Ne8 23. f4 Nc7 24. g5 Nb5 25. Nb6 Nxc3 26. Nxd7 Nxe2+ 27. Rxe2 Rxa2 28.
Kb1 Ra7 29. fxe5 fxe5 30. Nf6 Bxf6 31. gxf6 Nxf6 32. Bh6 Nxe4 33. Rf1 Ra8 34.
Rg2 Nc3+ 35. Kc2 Nxd5 36. h5 Nf4 37. hxg6 Nxg6 38. Rf7 Rab8 39. Kc1 R4b7 40.
Rf6 c4 41. Rxd6 c3 42. Rc6 cxb2+ 43. Kb1 Ra7 44. Rxb2 Rxb2+ 45. Kxb2 Ra8 46.
Kc3 Rd8 47. Rc7 Re8 48. Bg7+ Kg8 49. Bf6 Nf4 50. Rg7+ Kf8 51. Bxe5 h6 52. Rh7
Rxe5 53. Rxh6 Kg7 54. Ra6 1/2-1/2

[Event "Plzen, FSB A"]
[Site "?"]
[Date "2000.??.??"]
[Round "2"]
[White "Trmota, Z."]
[Black "Kupka, F."]
[Result "1/2-1/2"]
[WhiteElo "2240"]
[BlackElo "2005"]
[PlyCount "57"]
[EventDate "2000.??.??"]
[Source "ChessBase"]
[SourceDate "1996.11.15"]

1. d4 Nf6 2. Nf3 g6 3. c4 Bg7 4. Nc3 O-O 5. e4 d6 6. Be2 Qe8 7. O-O e5 8. d5 a5
9. Ne1 Na6 10. Nd3 Nd7 11. Be3 Nac5 12. Nxc5 Nxc5 13. Bxc5 dxc5 14. d6 Qc6 15.
dxc7 Qxc7 16. Nd5 Qd6 17. Qb3 a4 18. Qb6 Qxb6 19. Nxb6 Ra6 20. Nd5 Rd8 21. Rfd1
Kf8 22. a3 Be6 23. Nc7 Rad6 24. Nd5 Bxd5 25. Rxd5 Rxd5 26. cxd5 Ke7 27. Rc1 Kd6
28. Bb5 Ra8 29. Be2 1/2-1/2

[Event "Plzen, FSB A"]
[Site "?"]
[Date "2000.??.??"]
[Round "2"]
[White "Ungr, D."]
[Black "Racek, J."]
[Result "0-1"]
[WhiteElo "2155"]
[BlackElo "2130"]
[PlyCount "76"]
[EventDate "2000.??.??"]
[Source "ChessBase"]
[SourceDate "1996.11.15"]

1. d4 Nf6 2. Nf3 g6 3. c4 Bg7 4. Nc3 O-O 5. e4 d6 6. Be2 e5 7. O-O Nc6 8. d5
Ne7 9. b4 a5 10. Ba3 Nd7 11. Nd2 f5 12. bxa5 Rxa5 13. Bb4 Ra8 14. a4 Nc5 15.
Bxc5 dxc5 16. Nb3 b6 17. a5 fxe4 18. Nxe4 Nf5 19. Bg4 Nd4 20. Nxd4 exd4 21.
Bxc8 Rxc8 22. axb6 cxb6 23. Qg4 b5 24. Ng5 bxc4 25. Qe6+ Kh8 26. Nf7+ Rxf7 27.
Qxf7 Rc7 28. Qe6 d3 29. d6 Rc6 30. Ra7 Rxd6 31. Qxc4 d2 32. Rd1 Qe8 33. g3 Bd4
34. Kg2 Rf6 35. Rxd2 Qe4+ 36. Kf1 Qh1+ 37. Ke2 Rxf2+ 38. Kd3 Qf1+ 0-1

[Event "Plzen, FSB A"]
[Site "?"]
[Date "2000.??.??"]
[Round "2"]
[White "Petrzela, P."]
[Black "Gritsch, C."]
[Result "1-0"]
[WhiteElo "2015"]
[BlackElo "2155"]
[PlyCount "173"]
[EventDate "2000.??.??"]
[Source "ChessBase"]
[SourceDate "1996.11.15"]

1. d4 d5 2. c4 c6 3. Nf3 Nf6 4. b3 Bf5 5. g3 Bxb1 6. Rxb1 Qa5+ 7. Qd2 Qxd2+ 8.
Nxd2 Nbd7 9. Bg2 e6 10. O-O Be7 11. e4 dxe4 12. Nxe4 O-O 13. Bb2 Rfd8 14. Rfe1
Nxe4 15. Rxe4 Bf6 16. Rd1 Nb6 17. Re2 Rd7 18. Red2 Rad8 19. a4 Nc8 20. g4 Ne7
21. b4 Ng6 22. Bc3 Nf4 23. Bf3 Bg5 24. Kf1 Nh3 25. Rd3 Nf4 26. R3d2 Ng6 27. Ra2
Bf4 28. h3 Nh4 29. Be4 f5 30. Bh1 e5 31. d5 e4 32. gxf5 cxd5 33. Rxd5 Rxd5 34.
cxd5 Rxd5 35. Bxe4 Rd1+ 36. Ke2 Rc1 37. Bd2 Bxd2 38. Kxd2 Rc7 39. Ra3 g5 40.
fxg6 Nxg6 41. Bxg6 hxg6 42. Rc3 Rd7+ 43. Ke3 Re7+ 44. Kf4 Rf7+ 45. Kg5 Kg7 46.
f4 Rd7 47. Rc4 Rd5+ 48. Kg4 Rd3 49. h4 Kf6 50. b5 Re3 51. Rd4 Re7 52. Rd6+ Kg7
53. a5 Rf7 54. Rd5 Kh6 55. h5 gxh5+ 56. Rxh5+ Kg7 57. Rd5 Kf6 58. Rd6+ Kg7 59.
Kg5 Rc7 60. f5 Kf7 61. Rh6 Kg8 62. f6 Rc1 63. Rh4 Rg1+ 64. Rg4 Rb1 65. Kg6 b6
66. axb6 axb6 67. Rg5 Rb2 68. Rd5 Rg2+ 69. Kf5 Kf7 70. Rd7+ Kf8 71. Ke6 Re2+
72. Kd6 Rf2 73. f7 Rf6+ 74. Kc7 Kg7 75. Rd6 Rf5 76. Kxb6 Kxf7 77. Kc6 Ke7 78.
Rd4 Rf1 79. Kc7 Rc1+ 80. Kb7 Ke8 81. b6 Rc2 82. Kb8 Ke7 83. b7 Rb2 84. Kc7 Rc2+
85. Kb6 Rb2+ 86. Kc6 Rc2+ 87. Kb5 1-0

[Event "Plzen, FSB A"]
[Site "?"]
[Date "2000.??.??"]
[Round "2"]
[White "Polak, B."]
[Black "Hallerova, E."]
[Result "1/2-1/2"]
[WhiteElo "2005"]
[BlackElo "2150"]
[PlyCount "67"]
[EventDate "2000.??.??"]
[Source "ChessBase"]
[SourceDate "1996.11.15"]

1. e4 Nf6 2. e5 Nd5 3. d4 d6 4. Nf3 Bg4 5. Be2 e6 6. c4 Nb6 7. Nc3 Be7 8. O-O
O-O 9. Be3 N8d7 10. exd6 cxd6 11. b3 f5 12. Ne1 Nf6 13. h3 Bxe2 14. Qxe2 Qd7
15. Nd3 h6 16. Rfe1 Rae8 17. Bf4 g5 18. Bh2 Bd8 19. Rad1 Nc8 20. c5 d5 21. Ne5
Qg7 22. Nb5 g4 23. hxg4 fxg4 24. Qd3 Ne4 25. Rxe4 dxe4 26. Qxe4 h5 27. Nd6 Nxd6
28. cxd6 Bh4 29. Rf1 Bf6 30. Ng6 Rf7 31. Be5 Bxe5 32. Nxe5 Rf5 33. d7 Rd8 34.
Qxb7 1/2-1/2

[Event "Plzen, FSB A"]
[Site "?"]
[Date "2000.??.??"]
[Round "2"]
[White "Jenicek, J."]
[Black "Rerabkova, L."]
[Result "0-1"]
[WhiteElo "2135"]
[BlackElo "2015"]
[PlyCount "42"]
[EventDate "2000.??.??"]
[Source "ChessBase"]
[SourceDate "1996.11.15"]

1. Nf3 Nf6 2. c4 g6 3. g3 Bg7 4. Bg2 O-O 5. O-O d6 6. Nc3 e5 7. Rb1 Nc6 8. b4
Be6 9. d3 h6 10. b5 Ne7 11. Bd2 Qd7 12. Qc1 Kh7 13. Rd1 Bh3 14. Bh1 Nh5 15. e3
f5 16. d4 f4 17. dxe5 fxg3 18. fxg3 Qg4 19. Kf2 Rxf3+ 20. Bxf3 Rf8 21. Ke2
Qxf3+ 0-1

[Event "Plzen, FSB A"]
[Site "?"]
[Date "2000.??.??"]
[Round "2"]
[White "Nielsen, T."]
[Black "Ceplecha, T."]
[Result "1-0"]
[WhiteElo "2115"]
[BlackElo "2005"]
[PlyCount "31"]
[EventDate "2000.??.??"]
[Source "ChessBase"]
[SourceDate "1996.11.15"]

1. e4 d6 2. d4 Nf6 3. Nc3 c6 4. h3 Qc7 5. Nf3 b5 6. Bd3 e5 7. Be3 Be7 8. Qd2
Nbd7 9. O-O O-O 10. Ne2 exd4 11. Nexd4 Nc5 12. Nf5 Nfxe4 13. Nxe7+ Qxe7 14. Qe2
Re8 15. Rfe1 Bd7 16. Bxc5 1-0

[Event "Plzen, FSB A"]
[Site "?"]
[Date "2000.??.??"]
[Round "2"]
[White "Stehlik, J."]
[Black "Bujak, M."]
[Result "1/2-1/2"]
[WhiteElo "2105"]
[BlackElo "1990"]
[PlyCount "23"]
[EventDate "2000.??.??"]
[Source "ChessBase"]
[SourceDate "1996.11.15"]

1. d4 Nf6 2. Nf3 e6 3. c4 b6 4. g3 Bb7 5. Bg2 c5 6. O-O cxd4 7. Nxd4 Bxg2 8.
Kxg2 Qc7 9. b3 a6 10. Qd3 Nc6 11. Nxc6 Qxc6+ 12. Qf3 1/2-1/2

[Event "Plzen, FSB A"]
[Site "?"]
[Date "2000.??.??"]
[Round "2"]
[White "Bantle, M."]
[Black "Kovar, V."]
[Result "1-0"]
[WhiteElo "1970"]
[BlackElo "2105"]
[PlyCount "59"]
[EventDate "2000.??.??"]
[Source "ChessBase"]
[SourceDate "1996.11.15"]

1. d4 g6 2. c4 Bg7 3. Nc3 Nf6 4. e4 d6 5. Be3 O-O 6. f3 e5 7. d5 Nh5 8. g4 Nf4
9. Qd2 a5 10. Nge2 a4 11. Nxf4 exf4 12. Bxf4 a3 13. b3 f5 14. gxf5 Qh4+ 15. Bg3
Qf6 16. Rc1 gxf5 17. Bg2 f4 18. Bf2 Na6 19. Nb5 Bd7 20. Bd4 Qh4+ 21. Ke2 Rf7
22. Rcg1 Re8 23. Bf1 Ree7 24. Kd1 Bxb5 25. cxb5 Nc5 26. Rg4 Nxe4 27. Qg2 Qh5
28. fxe4 Kf8 29. Be2 Qh6 30. Rg1 1-0

[Event "Plzen, FSB A"]
[Site "?"]
[Date "2000.??.??"]
[Round "2"]
[White "Bujnoch, R."]
[Black "Schwarz, M."]
[Result "1/2-1/2"]
[WhiteElo "2100"]
[BlackElo "1960"]
[PlyCount "113"]
[EventDate "2000.??.??"]
[Source "ChessBase"]
[SourceDate "1996.11.15"]

1. e4 e5 2. Nf3 Nc6 3. Bb5 a6 4. Ba4 Nf6 5. O-O b5 6. Bb3 Be7 7. Re1 d6 8. c3
O-O 9. d4 Bg4 10. Bd5 Bxf3 11. Qxf3 Qd7 12. Qh3 Qxh3 13. gxh3 Nxd5 14. exd5 Na5
15. dxe5 dxe5 16. Rxe5 Bd6 17. Re4 f5 18. Rd4 Rae8 19. Nd2 Re1+ 20. Kg2 Rf6 21.
b4 Rg6+ 22. Kf3 Rgg1 23. bxa5 Rxc1 24. Rxc1 Rxc1 25. c4 Be5 26. Rh4 Rc2 27. Ke3
Rxa2 28. cxb5 axb5 29. Nb3 Bd6 30. Rd4 Kf7 31. Rd1 Ra3 32. Rb1 Kf6 33. f4 Bb4
34. Kd4 Bd6 35. Kc3 Ra4 36. Ra1 Rxa1 37. Nxa1 Bxf4 38. Kb4 Ke5 39. Nc2 Kxd5 40.
Kxb5 c6+ 41. Kb6 Bxh2 42. Ne3+ Ke4 43. Kxc6 Bg1 44. Nc4 f4 45. a6 f3 46. Nb6
Bxb6 47. Kxb6 f2 48. a7 f1=Q 49. a8=Q+ Ke3 50. Qe8+ Kd2 51. Qd7+ Qd3 52. Qxg7
Qxh3 53. Qb2+ Ke1 54. Qb1+ Kf2 55. Qc2+ Kg3 56. Qd3+ Kg4 57. Qd7+ 1/2-1/2

[Event "Plzen, FSB A"]
[Site "?"]
[Date "2000.??.??"]
[Round "2"]
[White "Vlk, M."]
[Black "Bugbee, B."]
[Result "1-0"]
[WhiteElo "1915"]
[BlackElo "2095"]
[PlyCount "81"]
[EventDate "2000.??.??"]
[Source "ChessBase"]
[SourceDate "1996.11.15"]

1. c4 Nf6 2. Nc3 c6 3. d4 d5 4. cxd5 cxd5 5. Nf3 Nc6 6. Bf4 a6 7. e3 Bg4 8. Be2
e6 9. O-O Bxf3 10. Bxf3 Bd6 11. Bg5 h6 12. Bh4 g5 13. Bg3 Bxg3 14. hxg3 O-O 15.
Rc1 Rc8 16. Na4 Qd6 17. Nc5 Rc7 18. Qb3 Qe7 19. Rc2 Na5 20. Qb4 Nc4 21. Rfc1
Rfc8 22. Nxa6 bxa6 23. Qxe7 Rxe7 24. b3 Rec7 25. Be2 a5 26. bxc4 dxc4 27. Rxc4
Rxc4 28. Rxc4 Rb8 29. Bd3 Nd5 30. Be4 Nb6 31. Rc5 f5 32. Bc2 Nd5 33. Bb3 a4 34.
Bxa4 Rb2 35. Rc2 Rb1+ 36. Kh2 Nb4 37. Rc8+ Kf7 38. Bb3 Kf6 39. Rc4 Rb2 40. Rxb4
Rxf2 41. Rb6 1-0

[Event "Plzen, FSB A"]
[Site "?"]
[Date "2000.??.??"]
[Round "2"]
[White "Pokrupa, M."]
[Black "Balcar, M."]
[Result "0-1"]
[WhiteElo "2085"]
[BlackElo "1955"]
[PlyCount "103"]
[EventDate "2000.??.??"]
[Source "ChessBase"]
[SourceDate "1996.11.15"]

1. e4 c5 2. Nf3 e6 3. Nc3 a6 4. d4 cxd4 5. Nxd4 b5 6. g3 Bb7 7. Bg2 d6 8. O-O
Nf6 9. Re1 Qc7 10. a4 b4 11. Nd5 Bxd5 12. exd5 e5 13. Bg5 Be7 14. Nf5 O-O 15.
a5 Bd8 16. Bd2 g6 17. Ne3 Qc5 18. Ra4 Bxa5 19. Qa1 Bb6 20. Bxb4 Qc7 21. Qa3 Rd8
22. Ba5 Nfd7 23. Rc4 Qa7 24. Ra1 Bxa5 25. Qxa5 Qb6 26. Rca4 Rc8 27. Rb4 Qxa5
28. Rxa5 Nf6 29. Rb6 Ne8 30. Bf1 Nd7 31. Rbxa6 Rab8 32. Nc4 Nc5 33. Nxd6 Nxd6
34. Rxd6 Nb7 35. Ba6 Nxd6 36. Bxc8 Rxc8 37. Ra6 Nf5 38. g4 Nh6 39. Rc6 Rd8 40.
d6 Nxg4 41. c4 Kf8 42. c5 Nf6 43. Rc7 Rb8 44. c6 Rd8 45. Rb7 Ke8 46. Re7+ Kf8
47. c7 Rxd6 48. Rxf7+ Kxf7 49. c8=Q Rd1+ 50. Kg2 Nh5 51. Qb7+ Kf6 52. Qf3+ 0-1

[Event "Plzen, FSB A"]
[Site "?"]
[Date "2000.??.??"]
[Round "2"]
[White "Pfiender, H."]
[Black "Krejcik, J."]
[Result "0-1"]
[WhiteElo "1905"]
[BlackElo "2080"]
[PlyCount "26"]
[EventDate "2000.??.??"]
[Source "ChessBase"]
[SourceDate "1996.11.15"]

1. e4 e5 2. Bc4 Nf6 3. d4 exd4 4. Nf3 Nc6 5. O-O Bc5 6. e5 d5 7. Bb5 Ne4 8.
Bxc6+ bxc6 9. b4 Bxb4 10. Qxd4 Qe7 11. Bf4 Ba6 12. Nbd2 Nc3 13. Qe3 Ne2+ 0-1

[Event "Plzen, FSB A"]
[Site "?"]
[Date "2000.??.??"]
[Round "2"]
[White "Geiger, L."]
[Black "Ziabari, M."]
[Result "0-1"]
[WhiteElo "1900"]
[BlackElo "2070"]
[PlyCount "60"]
[EventDate "2000.??.??"]
[Source "ChessBase"]
[SourceDate "1996.11.15"]

1. e4 e5 2. Bc4 Nf6 3. d4 exd4 4. Nf3 Bc5 5. Bg5 h6 6. Bh4 g5 7. Bxg5 hxg5 8.
Nxg5 d5 9. exd5 Qe7+ 10. Kf1 Bg4 11. f3 Bh5 12. g4 Bg6 13. Kg2 Nxg4 14. fxg4
Qxg5 15. Re1+ Be7 16. Qxd4 Qh4 17. Bb5+ Nd7 18. Rxe7+ Kxe7 19. Qf4 Qh3+ 20. Kg1
Rh4 21. d6+ cxd6 22. Be2 Rah8 23. Qg5+ Nf6 24. Nd2 Qxh2+ 25. Kf1 Qh1+ 26. Kf2
Rh2+ 27. Ke3 R8h3+ 28. Bf3 Qxa1 29. Qb5 Qe1+ 30. Kf4 Qxd2# 0-1

[Event "Plzen, FSB A"]
[Site "?"]
[Date "2000.??.??"]
[Round "2"]
[White "Rietveld, L."]
[Black "Barton, J."]
[Result "0-1"]
[WhiteElo "2070"]
[BlackElo "1940"]
[PlyCount "68"]
[EventDate "2000.??.??"]
[Source "ChessBase"]
[SourceDate "1996.11.15"]

1. d4 Nf6 2. Nc3 d5 3. e4 Nxe4 4. Nxe4 dxe4 5. Bc4 e6 6. c3 a6 7. f3 b5 8. Bb3
Bb7 9. Qe2 Bd6 10. Be3 Qh4+ 11. Bf2 Qf4 12. Bc2 exf3 13. Nxf3 Nd7 14. Bg3 Qh6
15. Bxd6 cxd6 16. O-O O-O 17. Rf2 Nf6 18. h3 Bd5 19. Re1 Bc4 20. Qd1 Rfc8 21.
Bb1 Rc7 22. Nh2 Qh4 23. Qd2 Bd5 24. Rf4 Qg5 25. Qf2 Nh5 26. Rg4 Qh6 27. Rh4 f5
28. g4 fxg4 29. hxg4 g6 30. Be4 Rf8 31. Qg2 Qg5 32. Bxd5 Qxh4 33. Bxe6+ Kh8 34.
Rf1 Nf4 0-1

[Event "Plzen, FSB A"]
[Site "?"]
[Date "2000.??.??"]
[Round "2"]
[White "Janke, G."]
[Black "Balin, K."]
[Result "0-1"]
[WhiteElo "1820"]
[BlackElo "2065"]
[PlyCount "66"]
[EventDate "2000.??.??"]
[Source "ChessBase"]
[SourceDate "1996.11.15"]

1. Nf3 Nf6 2. c4 e6 3. g3 d5 4. cxd5 exd5 5. Bg2 c5 6. O-O Nc6 7. d3 Be7 8. Nc3
d4 9. Nb5 O-O 10. Bd2 Nd5 11. Na3 Kh8 12. Nc4 f5 13. Nfe5 Nxe5 14. Nxe5 Bf6 15.
Nc4 Be6 16. Na3 Qd7 17. Nc2 b5 18. b3 Rac8 19. Rc1 Be5 20. f4 Bf6 21. e4 dxe3
22. Nxe3 Nb4 23. Bxb4 cxb4 24. Nc2 a5 25. Qf3 Bb2 26. d4 Bxc1 27. Rxc1 Rc3 28.
Qb7 Rfc8 29. Re1 Rxc2 30. Qxd7 Bxd7 31. Bb7 Re8 32. Re5 Rxa2 33. Rd5 Re1# 0-1

[Event "Plzen, FSB A"]
[Site "?"]
[Date "2000.??.??"]
[Round "2"]
[White "Decka, E."]
[Black "Galicek, S."]
[Result "0-1"]
[WhiteElo "2065"]
[BlackElo "1940"]
[PlyCount "64"]
[EventDate "2000.??.??"]
[Source "ChessBase"]
[SourceDate "1996.11.15"]

1. e4 c5 2. Nf3 d6 3. d4 cxd4 4. Nxd4 Nf6 5. Nc3 a6 6. Bc4 e6 7. Bb3 b5 8. Be3
Be7 9. f3 O-O 10. O-O Bb7 11. a3 Nbd7 12. g4 Nc5 13. Ba2 d5 14. e5 Nfd7 15. b4
Na4 16. Nxa4 bxa4 17. f4 Nb6 18. c3 Rc8 19. Qd3 Nc4 20. Bc1 f6 21. Bb1 g6 22.
Nxe6 Qb6+ 23. Nd4 fxe5 24. fxe5 Nxe5 25. Qh3 Rxf1+ 26. Kxf1 Rf8+ 27. Kg2 Qf6
28. Bf5 gxf5 29. Nxf5 Kh8 30. Bh6 Rg8 31. Bg7+ Rxg7 32. Nxg7 Qxg7 0-1